[Event "XLIV Memoriał Szachowy Ludwika Zamenhofa 2025, Grupa A"]
[Site "Białystok, Poland"]
[Date "2025.12.27"]
[Round "1.16"]
[White "Obrycki, Tomasz"]
[Black "Salna, Aleksandras"]
[Result "1-0"]
[TimeControl "90'+30\""]
[WhiteElo "2068"]
[BlackElo "2290"]

1. c4 {[%clk 01:30:56]} {[%emt 00:00:04]} c6 {[%clk 01:30:19]} {[%emt
00:00:42]} 2. g3 {[%clk 01:31:07]} {[%emt 00:00:18]} d5 {[%clk 01:30:39]}
{[%emt 00:00:10]} 3. Bg2 {[%clk 01:31:10]} {[%emt 00:00:27]} Nf6 {[%clk
01:29:51]} {[%emt 00:01:17]} 4. Nf3 {[%clk 01:30:41]} {[%emt 00:01:00]} g6
{[%clk 01:27:16]} {[%emt 00:03:05]} 5. b3 {[%clk 01:28:45]} {[%emt 00:02:26]}
Bg7 {[%clk 01:27:04]} {[%emt 00:00:41]} 6. Bb2 {[%clk 01:26:33]} {[%emt
00:02:42]} O-O {[%clk 01:26:10]} {[%emt 00:01:25]} 7. O-O {[%clk 01:25:57]}
{[%emt 00:01:06]} a5 {[%clk 01:25:42]} {[%emt 00:00:58]} 8. d3 {[%clk
01:22:29]} {[%emt 00:03:58]} Re8 {[%clk 01:22:27]} {[%emt 00:03:45]} 9. Qc2
{[%clk 01:19:46]} {[%emt 00:03:12]} a4 {[%clk 01:20:49]} {[%emt 00:02:09]} 10.
Nbd2 {[%clk 01:17:30]} {[%emt 00:02:45]} e6 {[%clk 00:53:31]} {[%emt 00:27:49]}
11. b4 {[%clk 01:06:16]} {[%emt 00:11:44]} Nbd7 {[%clk 00:45:50]} {[%emt
00:08:11]} 12. Ne5 {[%clk 01:04:09]} {[%emt 00:02:36]} a3 {[%clk 00:34:16]}
{[%emt 00:12:04]} 13. Bc3 {[%clk 01:03:17]} {[%emt 00:01:21]} Ne4 {[%clk
00:33:46]} {[%emt 00:01:02]} 14. dxe4 {[%clk 00:59:49]} {[%emt 00:03:58]} Nxe5
{[%clk 00:34:11]} {[%emt 00:00:05]} 15. Rad1 {[%clk 00:52:36]} {[%emt
00:07:42]} dxc4 {[%clk 00:28:07]} {[%emt 00:06:35]} 16. Nxc4 {[%clk 00:45:27]}
{[%emt 00:07:38]} Qc7 {[%clk 00:28:32]} {[%emt 00:00:06]} 17. Bxe5 {[%clk
00:30:29]} {[%emt 00:15:28]} Bxe5 {[%clk 00:28:55]} {[%emt 00:00:06]} 18. f4
{[%clk 00:29:20]} {[%emt 00:01:39]} Bf6 {[%clk 00:28:31]} {[%emt 00:00:55]} 19.
e5 {[%clk 00:28:56]} {[%emt 00:00:54]} Be7 {[%clk 00:28:54]} {[%emt 00:00:06]}
20. Qb3 {[%clk 00:28:39]} {[%emt 00:00:47]} Bd7 {[%clk 00:26:03]} {[%emt
00:03:21]} 21. Kh1 {[%clk 00:23:26]} {[%emt 00:05:43]} Red8 {[%clk 00:26:22]}
{[%emt 00:00:11]} 22. Rd3 {[%clk 00:20:38]} {[%emt 00:03:16]} Be8 {[%clk
00:24:10]} {[%emt 00:02:44]} 23. Nxa3 {[%clk 00:17:16]} {[%emt 00:03:53]} c5
{[%clk 00:18:07]} {[%emt 00:06:33]} 24. Rc1 {[%clk 00:12:19]} {[%emt 00:05:26]}
Bc6 {[%clk 00:17:37]} {[%emt 00:01:00]} 25. b5 {[%clk 00:11:38]} {[%emt
00:01:12]} Rxd3 {[%clk 00:13:32]} {[%emt 00:04:35]} 26. exd3 {[%clk 00:08:47]}
{[%emt 00:03:21]} Bxg2+ {[%clk 00:13:49]} {[%emt 00:00:12]} 27. Kxg2 {[%clk
00:09:15]} {[%emt 00:00:02]} Qa5 {[%clk 00:12:50]} {[%emt 00:01:29]} 28. Nc4
{[%clk 00:06:43]} {[%emt 00:03:02]} Qxa2+ {[%clk 00:13:14]} {[%emt 00:00:07]}
29. Qxa2 {[%clk 00:06:44]} {[%emt 00:00:29]} Rxa2+ {[%clk 00:13:40]} {[%emt
00:00:04]} 30. Kf3 {[%clk 00:06:33]} {[%emt 00:00:40]} Kf8 {[%clk 00:14:04]}
{[%emt 00:00:07]} 31. Rc3 {[%clk 00:04:00]} {[%emt 00:03:00]} f6 {[%clk
00:11:43]} {[%emt 00:02:54]} 32. exf6 {[%clk 00:02:20]} {[%emt 00:02:10]} Bxf6
{[%clk 00:12:09]} {[%emt 00:00:03]} 33. Ra3 {[%clk 00:02:32]} {[%emt 00:00:18]}
Rxa3 {[%clk 00:12:26]} {[%emt 00:00:14]} 34. Nxa3 {[%clk 00:03:00]} {[%emt
00:00:02]} Ke7 {[%clk 00:12:05]} {[%emt 00:00:50]} 35. Nc4 {[%clk 00:03:17]}
{[%emt 00:00:13]} Kd7 {[%clk 00:12:29]} {[%emt 00:00:06]} 36. h3 {[%clk
00:02:36]} {[%emt 00:01:12]} Bd8 {[%clk 00:11:24]} {[%emt 00:01:34]} 37. Ke4
{[%clk 00:02:30]} {[%emt 00:00:35]} Bc7 {[%clk 00:11:28]} {[%emt 00:00:26]} 38.
Kf3 {[%clk 00:01:15]} {[%emt 00:01:45]} Ke7 {[%clk 00:11:48]} {[%emt 00:00:11]}
39. Ke4 {[%clk 00:01:19]} {[%emt 00:00:26]} Kf6 {[%clk 00:11:15]} {[%emt
00:01:03]} 40. g4 {[%clk 00:01:00]} {[%emt 00:00:49]} b6 {[%clk 00:09:03]}
{[%emt 00:02:42]} 41. Ne3 {[%clk 00:00:56]} {[%emt 00:00:33]} g5 {[%clk
00:09:00]} {[%emt 00:00:35]} 42. f5 {[%clk 00:00:58]} {[%emt 00:00:27]} Bf4
{[%clk 00:09:25]} {[%emt 00:00:05]} 43. Nc4 {[%clk 00:01:08]} {[%emt 00:00:20]}
exf5+ {[%clk 00:09:47]} {[%emt 00:00:09]} 44. gxf5 {[%clk 00:01:36]} {[%emt
00:00:02]} Bc7 {[%clk 00:10:04]} {[%emt 00:00:12]} 45. Ne3 {[%clk 00:01:58]}
{[%emt 00:00:08]} Bd8 {[%clk 00:09:57]} {[%emt 00:00:37]} 46. Nd5+ {[%clk
00:02:02]} {[%emt 00:00:26]} Kf7 {[%clk 00:10:21]} {[%emt 00:00:06]} 47. Ke5
{[%clk 00:01:48]} {[%emt 00:00:38]} h5 {[%clk 00:10:44]} {[%emt 00:00:12]} 48.
Ke4 {[%clk 00:01:24]} {[%emt 00:00:55]} Ke8 {[%clk 00:09:50]} {[%emt 00:01:24]}
49. f6 {[%clk 00:00:55]} {[%emt 00:00:59]} Kf7 {[%clk 00:08:47]} {[%emt
00:01:33]} 50. Kf5 {[%clk 00:01:13]} {[%emt 00:00:11]} g4 {[%clk 00:08:51]}
{[%emt 00:00:27]} 51. hxg4 {[%clk 00:01:24]} {[%emt 00:00:19]} hxg4 {[%clk
00:09:01]} {[%emt 00:00:20]} 52. Kxg4 {[%clk 00:01:40]} {[%emt 00:00:14]} Ke6
{[%clk 00:09:26]} {[%emt 00:00:05]} 53. f7 {[%clk 00:01:40]} {[%emt 00:00:30]}
Kxf7 {[%clk 00:07:12]} {[%emt 00:02:44]} 54. Kf5 {[%clk 00:02:09]} {[%emt
00:00:01]} Bh4 {[%clk 00:06:29]} {[%emt 00:01:14]} 55. Nxb6 {[%clk 00:02:29]}
{[%emt 00:00:10]} Bg3 {[%clk 00:06:44]} {[%emt 00:00:15]} 56. Nd7 {[%clk
00:01:02]} {[%emt 00:01:50]} Bd6 {[%clk 00:06:41]} {[%emt 00:00:40]} 57. b6
{[%clk 00:01:10]} {[%emt 00:00:22]} Ke7 {[%clk 00:06:19]} {[%emt 00:00:52]} 58.
Ne5 {[%clk 00:01:30]} {[%emt 00:00:06]} Kd8 {[%clk 00:06:04]} {[%emt 00:00:48]}
59. Ke6 {[%clk 00:01:53]} {[%emt 00:00:07]} Bf8 {[%clk 00:06:27]} {[%emt
00:00:08]} 60. Nd7 {[%clk 00:01:25]} {[%emt 00:00:54]} 1-0

[Event "XLIV Memoriał Szachowy Ludwika Zamenhofa 2025, Grupa A"]
[Site "Białystok, Poland"]
[Date "2025.12.27"]
[Round "1.17"]
[White "Rekuc, Patryk"]
[Black "Kaczmarek, Arkadiusz"]
[Result "1-0"]
[TimeControl "90'+30\""]
[WhiteElo "2288"]
[BlackElo "2062"]

1. e4 {[%clk 01:30:57]} {[%emt 00:00:03]} c5 {[%clk 01:30:50]} {[%emt
00:00:10]} 2. Nf3 {[%clk 01:31:21]} {[%emt 00:00:05]} Nc6 {[%clk 01:31:03]}
{[%emt 00:00:17]} 3. Bb5 {[%clk 01:31:30]} {[%emt 00:00:22]} Nf6 {[%clk
01:31:14]} {[%emt 00:00:18]} 4. Bxc6 {[%clk 01:30:13]} {[%emt 00:01:47]} dxc6
{[%clk 01:31:29]} {[%emt 00:00:14]} 5. d3 {[%clk 01:30:35]} {[%emt 00:00:09]}
Bg4 {[%clk 01:31:15]} {[%emt 00:00:44]} 6. h3 {[%clk 01:30:53]} {[%emt
00:00:13]} Bh5 {[%clk 01:31:17]} {[%emt 00:00:28]} 7. Be3 {[%clk 01:25:48]}
{[%emt 00:05:34]} Nd7 {[%clk 01:30:17]} {[%emt 00:01:29]} 8. Nbd2 {[%clk
01:01:23]} {[%emt 00:24:56]} e5 {[%clk 01:30:09]} {[%emt 00:00:37]} 9. Nf1
{[%clk 00:58:33]} {[%emt 00:03:22]} f6 {[%clk 01:21:42]} {[%emt 00:08:56]} 10.
Ng3 {[%clk 00:56:30]} {[%emt 00:02:34]} Bf7 {[%clk 01:21:58]} {[%emt 00:00:14]}
11. Nd2 {[%clk 00:52:25]} {[%emt 00:04:35]} Qc7 {[%clk 01:14:53]} {[%emt
00:07:34]} 12. a3 {[%clk 00:50:18]} {[%emt 00:02:38]} a5 {[%clk 01:10:32]}
{[%emt 00:04:51]} 13. c3 {[%clk 00:46:48]} {[%emt 00:04:00]} g6 {[%clk
01:05:13]} {[%emt 00:05:49]} 14. Qc2 {[%clk 00:40:15]} {[%emt 00:07:04]} h5
{[%clk 01:03:07]} {[%emt 00:02:34]} 15. d4 {[%clk 00:38:25]} {[%emt 00:02:21]}
Be7 {[%clk 00:47:51]} {[%emt 00:15:46]} 16. Ne2 {[%clk 00:37:06]} {[%emt
00:01:49]} c4 {[%clk 00:43:36]} {[%emt 00:04:45]} 17. f4 {[%clk 00:34:27]}
{[%emt 00:03:09]} a4 {[%clk 00:39:29]} {[%emt 00:04:37]} 18. O-O {[%clk
00:33:26]} {[%emt 00:01:31]} exd4 {[%clk 00:28:56]} {[%emt 00:11:02]} 19. cxd4
{[%clk 00:30:14]} {[%emt 00:03:42]} b5 {[%clk 00:29:07]} {[%emt 00:00:19]} 20.
Nc3 {[%clk 00:28:06]} {[%emt 00:02:39]} O-O-O {[%clk 00:28:18]} {[%emt
00:01:19]} 21. Nf3 {[%clk 00:26:20]} {[%emt 00:02:16]} Qb6 {[%clk 00:15:07]}
{[%emt 00:13:41]} 22. Qf2 {[%clk 00:24:50]} {[%emt 00:02:00]} Rhe8 {[%clk
00:14:00]} {[%emt 00:01:37]} 23. Rfe1 {[%clk 00:23:31]} {[%emt 00:01:49]} Kb7
{[%clk 00:07:16]} {[%emt 00:07:14]} 24. Rad1 {[%clk 00:22:29]} {[%emt
00:01:31]} f5 {[%clk 00:01:03]} {[%emt 00:06:43]} 25. d5 {[%clk 00:20:33]}
{[%emt 00:02:27]} Bc5 {[%clk 00:00:34]} {[%emt 00:00:59]} 26. dxc6+ {[%clk
00:19:48]} {[%emt 00:01:16]} Kxc6 {[%clk 00:00:49]} {[%emt 00:00:14]} 27. Bxc5
{[%clk 00:14:41]} {[%emt 00:05:37]} Qxc5 {[%clk 00:01:06]} {[%emt 00:00:13]} 28.
Nd4+ {[%clk 00:15:04]} {[%emt 00:00:07]} Kb6 {[%clk 00:01:20]} {[%emt
00:00:15]} 29. e5 {[%clk 00:13:36]} {[%emt 00:01:58]} Nf8 {[%clk 00:01:02]}
{[%emt 00:00:48]} 30. Ndxb5 {[%clk 00:13:38]} {[%emt 00:00:28]} Qxf2+ {[%clk
00:01:02]} {[%emt 00:00:30]} 31. Kxf2 {[%clk 00:14:07]} {[%emt 00:00:02]} Rd3
{[%clk 00:00:33]} {[%emt 00:00:59]} 32. Nd6 {[%clk 00:14:11]} {[%emt 00:00:26]}
Re7 {[%clk 00:00:46]} {[%emt 00:00:17]} 33. Nc8+ {[%clk 00:14:30]} {[%emt
00:00:11]} 1-0

[Event "XLIV Memoriał Szachowy Ludwika Zamenhofa 2025, Grupa A"]
[Site "Białystok, Poland"]
[Date "2025.12.27"]
[Round "1.18"]
[White "Haladaj, Adam"]
[Black "Kokoszczynski, Jan"]
[Result "0-1"]
[TimeControl "90'+30\""]
[WhiteElo "2062"]
[BlackElo "2275"]

1. e4 {[%clk 01:30:56]} {[%emt 00:00:04]} c5 {[%clk 01:30:52]} {[%emt
00:00:07]} 2. Nf3 {[%clk 01:31:22]} {[%emt 00:00:05]} d6 {[%clk 01:31:16]}
{[%emt 00:00:06]} 3. d4 {[%clk 01:31:49]} {[%emt 00:00:03]} cxd4 {[%clk
01:31:37]} {[%emt 00:00:08]} 4. Nxd4 {[%clk 01:32:15]} {[%emt 00:00:05]} Nf6
{[%clk 01:31:52]} {[%emt 00:00:15]} 5. Nc3 {[%clk 01:32:40]} {[%emt 00:00:05]}
a6 {[%clk 01:32:14]} {[%emt 00:00:07]} 6. Bg5 {[%clk 01:32:58]} {[%emt
00:00:12]} Nbd7 {[%clk 01:31:53]} {[%emt 00:00:51]} 7. Bc4 {[%clk 01:31:50]}
{[%emt 00:01:38]} Qb6 {[%clk 01:31:46]} {[%emt 00:00:38]} 8. Bb3 {[%clk
01:32:08]} {[%emt 00:00:13]} e6 {[%clk 01:31:41]} {[%emt 00:00:34]} 9. Bxf6
{[%clk 01:30:14]} {[%emt 00:02:24]} Nxf6 {[%clk 01:31:44]} {[%emt 00:00:27]} 10.
Qd2 {[%clk 01:30:36]} {[%emt 00:00:08]} Nd7 {[%clk 01:31:53]} {[%emt 00:00:20]}
11. O-O-O {[%clk 01:30:41]} {[%emt 00:00:25]} Nc5 {[%clk 01:31:37]} {[%emt
00:00:46]} 12. Kb1 {[%clk 01:29:21]} {[%emt 00:01:51]} Bd7 {[%clk 01:27:09]}
{[%emt 00:04:58]} 13. f4 {[%clk 01:27:26]} {[%emt 00:02:25]} Be7 {[%clk
01:25:37]} {[%emt 00:02:00]} 14. Rhf1 {[%clk 01:23:50]} {[%emt 00:04:07]} O-O-O
{[%clk 01:17:08]} {[%emt 00:08:59]} 15. f5 {[%clk 01:21:48]} {[%emt 00:02:33]}
Bf6 {[%clk 01:15:09]} {[%emt 00:02:29]} 16. Qe3 {[%clk 01:14:32]} {[%emt
00:07:46]} Rhe8 {[%clk 01:08:32]} {[%emt 00:07:07]} 17. fxe6 {[%clk 01:12:30]}
{[%emt 00:02:31]} fxe6 {[%clk 01:07:03]} {[%emt 00:01:59]} 18. Nf3 {[%clk
01:09:23]} {[%emt 00:03:38]} Qc7 {[%clk 00:49:29]} {[%emt 00:18:03]} 19. Ng5
{[%clk 00:43:36]} {[%emt 00:26:16]} Bc6 {[%clk 00:39:25]} {[%emt 00:10:36]} 20.
e5 {[%clk 00:27:02]} {[%emt 00:17:05]} Bxg5 {[%clk 00:32:38]} {[%emt 00:07:16]}
21. Qxg5 {[%clk 00:27:21]} {[%emt 00:00:10]} d5 {[%clk 00:30:19]} {[%emt
00:02:50]} 22. Qe3 {[%clk 00:24:00]} {[%emt 00:03:51]} Qe7 {[%clk 00:27:57]}
{[%emt 00:02:52]} 23. Ne2 {[%clk 00:22:40]} {[%emt 00:01:50]} Bb5 {[%clk
00:27:04]} {[%emt 00:01:23]} 24. Rf3 {[%clk 00:18:54]} {[%emt 00:04:16]} Bxe2
{[%clk 00:25:43]} {[%emt 00:01:50]} 25. Qxe2 {[%clk 00:19:21]} {[%emt
00:00:04]} Rf8 {[%clk 00:24:29]} {[%emt 00:01:43]} 26. Rxf8 {[%clk 00:18:07]}
{[%emt 00:01:45]} Qxf8 {[%clk 00:20:50]} {[%emt 00:04:08]} 27. c3 {[%clk
00:14:23]} {[%emt 00:04:16]} Nxb3 {[%clk 00:11:37]} {[%emt 00:09:42]} 28. axb3
{[%clk 00:14:51]} {[%emt 00:00:01]} Qf5+ {[%clk 00:11:48]} {[%emt 00:00:19]} 29.
Ka2 {[%clk 00:11:37]} {[%emt 00:03:45]} Rf8 {[%clk 00:09:12]} {[%emt 00:03:06]}
30. Rd2 {[%clk 00:08:04]} {[%emt 00:04:02]} Qf4 {[%clk 00:08:06]} {[%emt
00:01:36]} 31. g3 {[%clk 00:08:18]} {[%emt 00:00:17]} Qf3 {[%clk 00:07:37]}
{[%emt 00:00:59]} 32. Qe1 {[%clk 00:04:28]} {[%emt 00:04:20]} Kb8 {[%clk
00:05:28]} {[%emt 00:02:39]} 33. Qg1 {[%clk 00:03:45]} {[%emt 00:01:13]} Qe4
{[%clk 00:03:45]} {[%emt 00:02:12]} 34. Rf2 {[%clk 00:03:13]} {[%emt 00:01:01]}
Rxf2 {[%clk 00:02:13]} {[%emt 00:02:03]} 35. Qxf2 {[%clk 00:03:42]} {[%emt
00:00:01]} Qxe5 {[%clk 00:02:35]} {[%emt 00:00:09]} 36. Qf8+ {[%clk 00:03:50]}
{[%emt 00:00:22]} Kc7 {[%clk 00:02:07]} {[%emt 00:00:57]} 37. Qf7+ {[%clk
00:02:16]} {[%emt 00:02:05]} Kb6 {[%clk 00:01:57]} {[%emt 00:00:39]} 38. Qf2+
{[%clk 00:02:39]} {[%emt 00:00:08]} Kc6 {[%clk 00:02:04]} {[%emt 00:00:22]} 39.
b4 {[%clk 00:02:34]} {[%emt 00:00:36]} Qd6 {[%clk 00:02:04]} {[%emt 00:00:30]}
40. Qf7 {[%clk 00:02:37]} {[%emt 00:00:27]} Qd7 {[%clk 00:02:29]} {[%emt
00:00:05]} 41. Qf8 {[%clk 00:02:44]} {[%emt 00:00:13]} Kc7 {[%clk 00:02:02]}
{[%emt 00:01:06]} 42. Qf4+ {[%clk 00:02:14]} {[%emt 00:01:00]} Kc6 {[%clk
00:01:52]} {[%emt 00:00:40]} 43. Qf8 {[%clk 00:02:41]} {[%emt 00:00:04]} b6
{[%clk 00:01:28]} {[%emt 00:00:54]} 44. Ka3 {[%clk 00:01:19]} {[%emt 00:01:52]}
Kb7 {[%clk 00:01:51]} {[%emt 00:00:06]} 45. Qf4 {[%clk 00:01:25]} {[%emt
00:00:22]} Qc7 {[%clk 00:01:44]} {[%emt 00:00:40]} 46. Qf3 {[%clk 00:01:21]}
{[%emt 00:00:33]} h6 {[%clk 00:01:58]} {[%emt 00:00:16]} 47. h4 {[%clk
00:01:36]} {[%emt 00:00:16]} Qd7 {[%clk 00:01:45]} {[%emt 00:00:42]} 48. Qf4
{[%clk 00:01:55]} {[%emt 00:00:11]} Qe7 {[%clk 00:02:08]} {[%emt 00:00:06]} 49.
Qe5 {[%clk 00:01:25]} {[%emt 00:01:01]} a5 {[%clk 00:02:33]} {[%emt 00:00:06]}
50. Kb3 {[%clk 00:01:03]} {[%emt 00:00:52]} axb4 {[%clk 00:02:59]} {[%emt
00:00:05]} 51. c4 {[%clk 00:00:41]} {[%emt 00:00:52]} Qc7 {[%clk 00:01:31]}
{[%emt 00:01:57]} 52. Qxe6 {[%clk 00:00:44]} {[%emt 00:00:27]} Qxc4+ {[%clk
00:01:55]} {[%emt 00:00:06]} 53. Ka4 {[%clk 00:01:06]} {[%emt 00:00:08]} Qa2+
{[%clk 00:00:48]} {[%emt 00:01:37]} 54. Kxb4 {[%clk 00:01:31]} {[%emt
00:00:05]} Qxb2+ {[%clk 00:01:13]} {[%emt 00:00:05]} 55. Ka4 {[%clk 00:01:35]}
{[%emt 00:00:25]} Qa2+ {[%clk 00:01:20]} {[%emt 00:00:24]} 56. Kb4 {[%clk
00:01:50]} {[%emt 00:00:15]} Qc4+ {[%clk 00:01:19]} {[%emt 00:00:31]} 57. Ka3
{[%clk 00:02:09]} {[%emt 00:00:11]} Qc3+ {[%clk 00:01:15]} {[%emt 00:00:34]} 58.
Ka2 {[%clk 00:02:02]} {[%emt 00:00:36]} Qc4+ {[%clk 00:01:18]} {[%emt
00:00:27]} 59. Ka3 {[%clk 00:02:19]} {[%emt 00:00:13]} Ka6 {[%clk 00:01:42]}
{[%emt 00:00:06]} 60. Kb2 {[%clk 00:01:51]} {[%emt 00:00:59]} Qd4+ {[%clk
00:01:53]} {[%emt 00:00:18]} 61. Kb3 {[%clk 00:01:09]} {[%emt 00:01:13]} Qd3+
{[%clk 00:02:18]} {[%emt 00:00:04]} 62. Kb2 {[%clk 00:01:26]} {[%emt 00:00:13]}
Qb5+ {[%clk 00:02:02]} {[%emt 00:00:47]} 63. Kc3 {[%clk 00:01:25]} {[%emt
00:00:21]} Qc5+ {[%clk 00:02:30]} {[%emt 00:00:12]} 64. Kb3 {[%clk 00:01:39]}
{[%emt 00:00:11]} d4 {[%clk 00:02:43]} {[%emt 00:00:22]} 65. Qe4 {[%clk
00:01:15]} {[%emt 00:00:55]} Qc3+ {[%clk 00:02:37]} {[%emt 00:00:35]} 66. Ka2
{[%clk 00:01:40]} {[%emt 00:00:05]} Qd2+ {[%clk 00:02:17]} {[%emt 00:00:50]} 67.
Kb1 {[%clk 00:01:58]} {[%emt 00:00:13]} Qb4+ {[%clk 00:02:33]} {[%emt
00:00:13]} 68. Ka1 {[%clk 00:01:44]} {[%emt 00:00:42]} Qc3+ {[%clk 00:02:43]}
{[%emt 00:00:22]} 69. Ka2 {[%clk 00:02:08]} {[%emt 00:00:06]} d3 {[%clk
00:01:24]} {[%emt 00:01:48]} 70. Qa8+ {[%clk 00:02:34]} {[%emt 00:00:05]} Kb5
{[%clk 00:01:51]} {[%emt 00:00:03]} 71. Qd5+ {[%clk 00:02:42]} {[%emt
00:00:19]} Kb4 {[%clk 00:02:00]} {[%emt 00:00:22]} 72. Qd6+ {[%clk 00:02:46]}
{[%emt 00:00:27]} Qc5 {[%clk 00:02:12]} {[%emt 00:00:19]} 73. Qd7 {[%clk
00:02:57]} {[%emt 00:00:19]} Qc2+ {[%clk 00:02:31]} {[%emt 00:00:11]} 74. Ka1
{[%clk 00:03:21]} {[%emt 00:00:06]} Qc3+ {[%clk 00:03:00]} {[%emt 00:00:01]} 75.
Ka2 {[%clk 00:03:39]} {[%emt 00:00:12]} Qb3+ {[%clk 00:03:27]} {[%emt
00:00:03]} 76. Ka1 {[%clk 00:04:02]} {[%emt 00:00:06]} Qa4+ {[%clk 00:03:55]}
{[%emt 00:00:02]} 77. Kb2 {[%clk 00:04:19]} {[%emt 00:00:12]} Qxd7 {[%clk
00:04:21]} {[%emt 00:00:05]} 0-1